No hi ha quart poder (Registro nro. 184027)

Detalles MARC
000 -LEADER
campo de control de longitud fija 00845nam a2200253 i 4500
001 - NÚMERO DE CONTROL
campo de control 184027
003 - IDENTIFICADOR DE NÚMERO DE CONTROL
campo de control ES-MaACL
005 - FECHA Y HORA DE LA ÚLTIMA TRANSACCIÓN
campo de control 20250915063105.0
008 - DATOS DE LONGITUD FIJA--INFORMACIÓN GENERAL
campo de control de longitud fija 150223s2002 sp | |||| ||cat d
020 ## - NÚMERO INTERNACIONAL ESTÁNDAR DEL LIBRO
Número Internacional Estándar del Libro 84-273-1049-8
080 ## - NÚMERO DE LA CLASIFICACIÓN DECIMAL UNIVERSAL
Número de la Clasificación Decimal Universal 929 Serra, Antoni
080 ## - NÚMERO DE LA CLASIFICACIÓN DECIMAL UNIVERSAL
Número de la Clasificación Decimal Universal 821.134.1-94"19"
100 1# - ENTRADA PRINCIPAL--NOMBRE DE PERSONA
Nombre de persona Serra, Antoni,
Fechas asociadas al nombre 1936-
9 (RLIN) 105600
245 10 - MENCIÓN DEL TÍTULO
Título No hi ha quart poder
Resto del título : memòries periodístiques del meu temps de glòria /
Mención de responsabilidad, etc. Antoni Serra.
250 ## - MENCION DE EDICION
Mención de edición 1ª ed.
260 ## - PUBLICACIÓN, DISTRIBUCIÓN, ETC.
Lugar de publicación, distribución, etc. Palma (Mallorca) :
Nombre del editor, distribuidor, etc. Moll,
Fecha de publicación, distribución, etc. 2002.
300 ## - DESCRIPCIÓN FÍSICA
Extensión 222 p. ;
Dimensiones 22 cm.
490 1# - MENCIÓN DE SERIE
Mención de serie Tomir ;
Designación de volumen o secuencia n. 49
830 0# - PUNTO DE ACCESO ADICIONAL DE SERIE-TÍTULO UNIFORME
Título uniforme Tomir ;
Designación de volumen o secuencia n. 49
9 (RLIN) 225027
852 ## - LOCALIZACIÓN
Ubicación ES-MaACL
Número de control de estantería A-13402
itemnumber 190993
Sublocalización o colección R.150239
Ubicación en estantería Depósito 1
Signatura antigua Olim: N-6402
Anotaciones manuscritas Dedicatoria autógrafa
Donativo/Legado Donación: Jesús García
903 ## - NOMBRE PERSONAL DE DONANTE
a Jesús García
e Donante
942 ## - ELEMENTOS DE ENTRADA SECUNDARIOS (KOHA)
Fuente del sistema de clasificación o colocación Clasificación decimal universal
Tipo de ítem Koha Libro impreso
Existencias
Estatus retirado Estado de pérdida Fuente del sistema de clasificación o colocación Estado de daño No para préstamo Colección Biblioteca de origen Biblioteca actual Ubicación en estantería Fecha de adquisición Fuente de adquisición Total de préstamos Signatura topográfica completa Código de barras Visto por última vez Precio de reemplazo Tipo de ítem Koha Nota pública
    Clasificación decimal universal     Libros con dedicatorias Biblioteca del Ateneo de Madrid Biblioteca del Ateneo de Madrid Depósito 1 23/02/2015 Donación   A-13402 1193514 23/02/2023 23/02/2023 Libro impreso Dedicatoria autógrafa